Normal view
MARC view
- Workshop Modelling and Control of Mechanical Systems
Entry Meeting Name
001 - CONTROL NUMBER
- control field: 83099
003 - CONTROL NUMBER IDENTIFIER
- control field: NUST
005 - DATE AND TIME OF LATEST TRANSACTION
- control field: 20211013120417.0
008 - FIXED-LENGTH DATA ELEMENTS
- fixed length control field: 211013|| aca||aabn | a|a d
040 ## - CATALOGING SOURCE
- Original cataloging agency: NUST
- Transcribing agency: NUST
111 ## - HEADING--MEETING NAME
- Meeting name or jurisdiction name as entry element: Workshop Modelling and Control of Mechanical Systems
- Date of meeting: (1997 :
- Location of meeting: Imperial College)
670 ## - SOURCE DATA FOUND
- Source citation: Work cat.: (NUST)31772: Workshop Modelling and Control of Mechanical Systems (1997 : Imperial College), Proceedings of the Workshop Modelling and Control of Mechanical Systems :, 1997.
